000 00365cam a22001337a 4500
008 180718b- - xxu||||| |||| 00| 0 eng d
082 _aJ7x44 F844
245 _aPlanning and development in the Paris region
_cby Ambassade
260 _aParis
_bAmbassade
_c- -
300 _a37p
650 _aFrance.
650 _aCity Planning - France
700 _aFrance. Ambassade
999 _c416373
_d416373